Toutes Les Chansons de Paramore en 2024 - Statistiques

Statistiques générales
  • Ce quiz a été pris 4 fois
  • Le résultat moyen est 33 sur 87
Statistiques - réponses
Album Track # Réponse % Correct
Brand New Eyes 11 All I Wanted
100%
Brand New Eyes 6 The Only Exception
100%
After Laughter 6 26
50%
Paramore 6 Ain't It Fun
50%
All We Know Is Falling 1 All We Know
50%
Paramore 10 Anklebiters
50%
This Is Why 5 Big Man, Little Dignity
50%
Brand New Eyes 4 Brick by Boring Brick
50%
All We Know Is Falling 4 Brighter
50%
Brand New Eyes 1 Careful
50%
After Laughter 9 Caught in the Middle
50%
This Is Why 4 C'est Comme ça
50%
This Is Why 9 Crave
50%
Riot! 8 crushcrushcrush
50%
Paramore 4 Daydreaming
50%
Brand New Eyes (Deluxe Edition) 12 Decode (Twilight Soundtrack)
50%
This Is Why 8 Liar
50%
This Is Why 3 Running Out Of Time
50%
All We Know Is Falling 3 Emergency
50%
Riot! 14 Emergency (Live)
50%
After Laughter 5 Fake Happy
50%
Paramore 1 Fast in My Car
50%
Brand New Eyes 7 Feeling sorry
50%
Riot! 10 Fences
50%
This Is Why 7 Figure 8
50%
Riot! 1 For a Pessimist, I'm Pretty Optimistic
50%
After Laughter 4 Forgiveness
50%
All We Know Is Falling 9 Franklin
50%
After Laughter 8 Grudges
50%
Riot! 3 Hallelujah
50%
After Laughter 1 Hard Times
50%
Singles/Other Hard Times ( feat David Byrne)
50%
Paramore 13 Hate to See Your Heart Break
50%
Singles/Other I Caught myself
50%
After Laughter 10 Idle Worship
50%
Brand New Eyes 2 Ignorance
50%
Paramore 15 I'm Not Angry Anymore
50%
Paramore 8 Last Hope
50%
Riot! 6 Let the Flames Begin
50%
Brand New Eyes 8 Looking Up
50%
Riot! 4 Misery Business
50%
Brand New Eyes 10 Misguided ghosts
50%
Singles/Other Monster
50%
Paramore 2 Now
50%
Paramore 14 (One of Those) Crazy Girls
50%
Paramore 7 Part II
50%
Brand New Eyes 3 Playing God
50%
After Laughter 7 Pool
50%
All We Know Is Falling 2 Pressure
50%
Paramore 12 Proof
50%
Singles Club Renegade
50%
After Laughter 2 Rose-Colored Boy
50%
This Is Why 11 Sanity
50%
Paramore 9 Still Into You
50%
Riot! 2 That's What You Get
50%
This Is Why 2 The News
50%
This Is Why 10 Thick Skull
50%
This Is Why 1 This Is Why
50%
After Laughter 3 Told You So
50%
Brand New Eyes 5 Turn it Off
50%
Riot! 5 When It Rains
50%
Brand New Eyes 9 Where the Lines Overlap
50%
All We Know Is Falling 7 Whoa
50%
This Is Why 6 You First
50%
Paramore 16 Be Alone
0%
Riot! 11 Born for This
0%
Singles/Other Burning Down The House
0%
All We Know Is Falling 8 Conspiracy
0%
Paramore (deluxe Edition) 18 Escape Route
0%
Paramore 17 Future
0%
Paramore 3 Grow Up
0%
Singles Club Hello Cold World
0%
All We Know Is Falling 5 Here We Go Again
0%
Paramore 11 Holiday
0%
Singles Club In the Mourning
0%
Riot! 7 Miracle
0%
Paramore 5 Moving On
0%
All We Know Is Falling 10 My heart
0%
Singles/Other My Hero
0%
Paramore (deluxe Edition) 19 Native Tongue
0%
All We Know Is Falling 6 Never Let This Go
0%
After Laughter 11 No Friend
0%
Riot! 13 Rewind (Demo)
0%
Riot! 12 Stop This Song (Love Sick Melody)
0%
After Laughter 12 Tell Me How
0%
Paramore (deluxe Edition) 20 Tell Me It's Okay (Demo)
0%
Riot! 9 We are Broken
0%
Aucun quiz correspondant
Distribution des résultats
% des personnes avec chaque résultat
Percentile par nombre de réponses
Votre historique - résultats
Vous n’avez pas pris ce quiz